000 01073nas a2200349 4500
001 BR2010002399
003 BR-BrBNA
005 20231205115341.0
007 ta
008 230509b bl.|||p| |||| 00| 00por d
040 _aBR-BrBNA
_bpor
_cBiblioteca Nacional de Agricultura
041 _a(Pt)
072 _aF01; F08; P06
100 1 _aAjalla, A.C.A.
100 1 _aVieira, M.do C.
100 1 _aZarate, N.A.H.
100 1 _aMota, J.H.
100 1 _aSouza, T.M.
245 1 _aProdutividade da marcela (achyrocline satureioides (Lam.)DC.)em cultjivo solteiro e consorciado com tansagem (plantago major L.)
650 _aPRODUÇÃO VEGETAL
650 _aFLORICULTURA
650 _aPLANTA MEDICINAL
650 _aMARCELA
650 _aPOPULAÇÃO
650 _aBIOMASSA
650 _aPRODUTIVIDADE
650 _aCONSORCIAÇÃO DE CULTURA
650 _aPLANTAGO
773 0 _tCiência e Agrotecnologia (Brazil)
_xISSN 1413-7054
_g(Mar-Apr 2009), v. 33(2) p. 488-495
_wBR2010002399
909 _a202311
_bLúcia
_c55
_dLúcia Elande
942 _2AGRIS
_n0
_cANA
999 _c213352
_d213352